All Dead Rails Classes (Roblox) - Statistics

General Stats
  • This quiz has been taken 405 times
    325 since last reset
  • The average score is 13 of 18
Answer Stats
Hint Answer % Correct
50 bonds (new) Werewolf
86%
Starting class None
85%
15 bonds Doctor
84%
75 bonds Vampire
83%
Only obtainable from beatingone of the two mods that were added and removed on April 1st 2025 Horse
81%
15 bonds Miner
79%
100 bonds Ironclad
77%
75 bonds Zombie
75%
15 bonds (new) Musician
71%
50 bonds Cowboy
70%
35 bonds (new) Packmaster
67%
75 bonds Survivalist
66%
50 bonds The Alamo
64%
75 bonds Priest
58%
20 bonds Arsonist
57%
50 bonds High Roller
55%
50 bonds Conductor
54%
35 bonds (new) Necromancer
53%
No matching quizzes found
Score Distribution
Percent of People with Each Score
Percentile by Number Answered
Your Score History
You have not taken this quiz since the last reset